Census County Divisions of Alabama With a Map - Statistics

General Stats
  • This quiz has been taken 409 times
    391 since last reset
  • The average score is 62 of 390
Answers on the Map
Answers color-coded by a green-red scale on the quiz's map according to % correct below.
 
Answer Stats
County CCD % Correct
Mobile Mobile
88%
Jefferson Birmingham
87%
Montgomery Montgomery
87%
Madison Huntsville
78%
Tuscaloosa Tuscaloosa
75%
Madison Madison
66%
Coffee Jack
60%
Clarke Jackson
59%
Lee Auburn-Opelika
58%
Cullman Cullman
54%
Houston Dothan
54%
Jefferson Hoover
53%
Dallas Selma
52%
Talladega Talladega
51%
Morgan Decatur
49%
Lauderdale Florence
47%
Fayette Fayette
46%
Etowah Gadsden
45%
Geneva Geneva
45%
Butler Greenville
43%
Jefferson Clay
41%
Perry Marion
41%
Limestone Athens
39%
Talladega Lincoln
39%
Russell Phenix City
39%
Baldwin Daphne
38%
Marion Hamilton
38%
Colbert Cherokee
37%
Calhoun Anniston
36%
Coffee Enterprise
36%
Choctaw Butler
35%
Houston Columbia
34%
Calhoun Jacksonville
34%
Chambers La Fayette
34%
Pike Troy
34%
Elmore Elmore
33%
Walker Jasper
33%
Shelby Alabaster-Helena
32%
Autauga Prattville
30%
Covington Andalusia
29%
Jackson Scottsboro
29%
Baldwin Bay Minette
28%
DeKalb Fort Payne
28%
Monroe Monroeville
28%
Macon Tuskegee
28%
Chilton Clanton
27%
Sumter Livingston
27%
Franklin Russellville
27%
Marshall Albertville-Boaz
26%
Wilcox Camden
26%
Baldwin Foley
26%
Hale Greensboro
26%
Marshall Guntersville
26%
Baldwin Fairhope
25%
Jefferson Leeds
25%
Dale Ozark
25%
St. Clair Pell City
25%
St. Clair Ashville
24%
Barbour Clayton
24%
Greene Eutaw
24%
Clarke Fulton
24%
Elmore Wetumpka
24%
Cherokee Centre
23%
Marengo Demopolis
23%
Barbour Eufaula
23%
Jefferson Gardendale
23%
Talladega Sylacauga
23%
Chambers Valley
23%
Mobile Bayou La Batre
22%
Blount Oneonta
22%
Henry Abbeville
21%
Marshall Arab
21%
Bibb Centreville-Brent
21%
Shelby Columbiana
21%
Conecuh Evergreen
21%
Cleburne Heflin
21%
Lawrence Moulton
21%
Covington Opp
21%
Jefferson Trussville
21%
Lamar Vernon
21%
Clay Ashland
20%
Escambia Brewton
20%
Blount Cleveland
20%
Tuscaloosa Northport
20%
Etowah Altoona
18%
Jackson Bridgeport
18%
Shelby Calera
18%
Shelby Chelsea
18%
Marshall Douglas
18%
Winston Haleyville
18%
Morgan Hartselle
18%
Cherokee Leesburg
18%
Lauderdale Lexington
18%
Montgomery Pike Road
18%
Bullock Union Springs
18%
Sumter York
18%
Tallapoosa Alexander City
17%
Escambia Atmore
17%
Washington Chatom
17%
Tallapoosa Dadeville
17%
Winston Double Springs
17%
Coffee Elba
17%
Marshall Grant
17%
Clarke Grove Hill
17%
Marion Guin
17%
Jefferson Kimberly-Morris
17%
Crenshaw Luverne
17%
Shelby Montevallo
17%
Calhoun Piedmont
17%
Coosa Rockford
17%
Limestone Salem
17%
Clarke Thomasville
17%
Blount Blountsville
16%
Cullman Hanceville
16%
Pike Henderson-Spring Hill
16%
Franklin Phil Campbell
16%
DeKalb Rainsville-Sylvania
16%
Baldwin Robertsdale
16%
Perry Uniontown
16%
DeKalb Valley Head-Mentone
16%
Randolph Wedowee
16%
Lowndes Benton-Collirene
15%
Pickens Carrollton
15%
Tuscaloosa Coaling-Vance
15%
Pickens Gordo
15%
Marion Hackleburg
15%
Chambers Lanett
15%
Marengo Linden
15%
St. Clair Moody
15%
Franklin Red Bay
15%
Randolph Roanoke
15%
Mobile Semmes
15%
Jackson Stevenson
15%
Jefferson Warrior
15%
Lauderdale Waterloo
15%
Marion Winfield
15%
Fayette Winfield-Glen Allen
15%
Cherokee Cedar Bluff-Gaylesville
14%
Talladega Childersburg
14%
Mobile Citronelle
14%
Barbour Clio
14%
DeKalb Collinsville
14%
DeKalb Crossville
14%
Escambia Flomaton
14%
Covington Florala
14%
Butler Georgiana-McKenzie
14%
Geneva Hartford
14%
Barbour Louisville
14%
Mobile Mount Vernon
14%
Dale Newton-Midland City
14%
St. Clair Ragland
14%
St. Clair Springville
14%
Baldwin Summerdale
14%
Winston Addison
13%
Pickens Aliceville
13%
Tuscaloosa Brookwood
13%
Elmore Eclectic
13%
Baldwin Elberta
13%
DeKalb Fyffe
13%
Mobile Grand Bay
13%
Jefferson Graysville-Adamsville
13%
Blount Hayden
13%
Lowndes Hayneville
13%
Henry Headland-Newville
13%
DeKalb Ider
13%
Chilton Jemison
13%
Lauderdale Killen
13%
Clay Lineville
13%
Blount Locust Fork
13%
Cullman Logan
13%
Hale Moundville
13%
Talladega Munford
13%
Dallas Sardis
13%
Elmore | Tallapoosa Tallassee
13%
Bibb West Blocton
13%
Calhoun Alexandria-Webster Chapel
12%
Marion Bear Creek
12%
Greene Boligee
12%
Clarke Coffeeville
12%
Houston Cottonwood
12%
Morgan Eva
12%
Morgan Falkville
12%
Lowndes Fort Deposit
12%
Sumter Gainesville
12%
Coosa Goodwater-Kellyton
12%
Pike Goshen-Shady Grove
12%
Jefferson Greenwood
12%
Cullman Holly Pond
12%
Colbert Leighton
12%
Walker Manchester
12%
Washington Millry
12%
Limestone Mooresville
12%
Cleburne Ranburne
12%
Dallas Selmont-Tyler
12%
Walker Sipsey
12%
Morgan Somerville
12%
Lamar Sulligent
12%
Mobile Theodore
12%
Chambers Waverly
12%
Randolph Woodland
12%
Autauga Autaugaville
11%
Cullman Baileyton-Joppa
11%
Sumter Belmont
11%
Tuscaloosa Big Sandy-Duncanville
11%
Marion Brilliant
11%
Pike Brundidge
11%
Tuscaloosa Coker
11%
Jefferson Concord-Rock Creek
11%
Walker Cordova
11%
Sumter Cuba
11%
Dale Daleville
11%
Walker Dora
11%
DeKalb Geraldine
11%
Madison Gurley
11%
Madison Hazel Green
11%
DeKalb Henagar
11%
Lawrence Hillsboro
11%
Etowah Hokes Bluff
11%
Russell Hurtsboro
11%
Choctaw Lisman
11%
Lowndes Lowndesboro
11%
Chilton Maplesville
11%
Madison New Hope
11%
Madison New Market
11%
Montgomery Pine Level
11%
Jackson Pisgah
11%
Pickens Reform
11%
Lauderdale Rogersville
11%
Choctaw Silas
11%
Lee Smiths Station
11%
Hale Stewart-Akron
11%
Lawrence Town Creek-Courtland
11%
Madison Triana
11%
Marshall Union Grove
11%
Cullman Vinemont
11%
Jefferson West Jefferson
11%
Pike Banks-Josie
10%
Lee Beauregard-Marvyn
10%
Geneva Bellwood-Coffee Springs
10%
Fayette Berry
10%
Blount Brooksville
10%
Walker Carbon Hill
10%
Chambers Five Points
10%
Greene Forkland-Tishabee
10%
Cleburne Fruithurst
10%
Choctaw Gilbertown-Toxey
10%
Henry Haleburg
10%
Coffee Kinston
10%
Colbert Littleville
10%
Houston Madrid
10%
Lamar Millport
10%
Hale Newbern
10%
Tallapoosa New Site
10%
Walker Oakman
10%
Calhoun Ohatchee
10%
Sumter Panola-Geiger
10%
Tuscaloosa Samantha
10%
Geneva Samson
10%
Marengo Thomaston
10%
Marshall Town Creek
10%
Monroe Uriah
10%
Coffee Victoria
10%
Franklin Vina
10%
Randolph Wadley
10%
Shelby Wilsonville
10%
Autauga Billingsley
9%
Crenshaw Brantley
9%
Jefferson Brookside
9%
Tallapoosa Camp Hill
9%
Calhoun Choccolocco
9%
Russell Crawford
9%
Morgan Danville
9%
Elmore Deatsville
9%
Pickens Ethelsville
9%
Dale Fort Rucker
9%
Monroe Frisco City
9%
Houston Gordon
9%
Jackson Long Island
9%
Autauga Marbury
9%
Jefferson Maytown-Sylvan Springs
9%
Washington McIntosh
9%
Clay Millerville-Hollins
9%
Walker Nauvoo
9%
Lauderdale Oakland
9%
Jackson Paint Rock
9%
Wilcox Pine Hill
9%
Montgomery Ramer
9%
Covington Rose Hill-Gantt
9%
Jackson Section
9%
Macon Shorter-Hardaway
9%
Geneva Slocomb
9%
Colbert Tri-Cities
9%
Shelby Vincent
9%
Tuscaloosa Abernant
8%
Wilcox Alberta
8%
Barbour Bakerhill
8%
Monroe Beatrice
8%
Cullman Bremen
8%
Conecuh Castleberry
8%
Blount Clarence
8%
Wilcox Coy-Fatama
8%
Marengo Dixons Mill
8%
Walker Empire
8%
Bullock Fitzpatrick
8%
Tuscaloosa Fosters
8%
Washington Fruitdale
8%
Coffee Goodman
8%
Montgomery Hope Hull
8%
Chilton Isabella-Pletcher
8%
Lee Loachapoka-Roxana
8%
Etowah Lookout Mountain
8%
Winston Lynn
8%
Bullock Midway
8%
Chambers Milltown
8%
Etowah Mountainboro
8%
Lawrence Mount Hope
8%
Montgomery Mount Meigs
8%
Jefferson North Johns
8%
Macon Notasulga
8%
Dallas Orrville
8%
Walker Parrish
8%
Monroe Peterman
8%
Crenshaw Petrey-Highland Home
8%
Wilcox Pine Apple
8%
Walker Quinton-Wegra
8%
Madison Redstone Arsenal
8%
Talladega Renfroe-Laniers
8%
Conecuh Repton
8%
Cullman Simcoe
8%
Cherokee Spring Garden
8%
Baldwin Stockton
8%
Walker Townley
8%
Monroe Vredenburgh
8%
Lee Beulah
7%
Marion Bexar
7%
Lauderdale Cloverdale
7%
Russell Cottonton-Seale
7%
Cullman Crane Hill
7%
Dale Echo
7%
Tuscaloosa Elrod-Moores Bridge-Echola
7%
Marengo Faunsdale
7%
Randolph Folsom
7%
Perry Hamburg
7%
Lawrence Hatton
7%
Perry Heiberger
7%
Bullock Inverness
7%
Cullman Jones Chapel
7%
Morgan Laceys Spring
7%
Macon Little Texas-Society Hill
7%
Madison Madison Crossroads
7%
Greene Mantua-West Greene
7%
Escambia McCullough-Huxford
7%
Chilton Mineral Springs
7%
Lawrence Morris Chapel
7%
Fayette Northeast Fayette
7%
Jefferson Palmerdale
7%
Hale Sawyerville
7%
Conecuh Shreve
7%
Lawrence Speake-Oakville
7%
Perry Sprott
7%
Marengo Sweet Water
7%
Talladega Sycamore-Winterboro
7%
Etowah Turkeytown
7%
Chilton Verbena
7%
Cullman Welti
7%
Coosa Weogufka-Marble Valley
7%
Etowah Wills Valley
7%
Tuscaloosa Windham Springs
7%
Dallas Carlowville
5%
Butler Chapman
5%
Escambia East Escambia
5%
Covington Falco
5%
Butler Forest Home
5%
Macon Fort Davis
5%
Hale Greensboro Northeast
5%
Hale Greensboro South
5%
Conecuh Lyeffion
5%
Lowndes Mosses
5%
Pike Needmore
5%
Bibb Piper-Coleanor
5%
Jackson Princeton
5%
Jefferson Robbins Crossroads
5%
Dallas Safford
5%
Henry Shorterville
5%
Mobile Tanner Williams
5%
Elmore Titus
5%
Washington Wagarville
5%
Clarke Walker Springs
5%
Macon Warriorstand-Creek Stand
5%
No matching quizzes found
Score Distribution
Percent of People with Each Score
Percentile by Number Answered
Your Score History
You have not taken this quiz since the last reset